[Event "IECC TH-M email"]
[Site "IECC email"]
[Date "1998.04.08"]
[Round "?"]
[White "Weggen, Rick HM"]
[Black "Needham, Greg"]
[Result "1/2-1/2"]
[WhiteElo "1448"]
[BlackElo "1579"]
[PlyCount "49"]
[EventDate "1998.??.??"]
[EventType "match (corr)"]
[EventRounds "2"]
[SourceTitle "Corr 2008"]
[Source "ChessBase"]
[SourceDate "2008.06.24"]
[SourceVersion "1"]
[SourceVersionDate "2008.06.24"]
[SourceQuality "1"]

1. e4 c5 2. Nf3 d6 3. d4 cxd4 4. Nxd4 Nf6 5. Nc3 g6 6. Be3 Bg7 7. f3 0-0 8. Qd2 Nc6 9. 0-0-0 d5 10. exd5 Nxd5 11. Nxc6 bxc6 12. Nxd5 cxd5 13. Bh6 Bxh6 14. Qxh6 Qa5 15. Kb1 Rb8 16. h4 e5 17. Bd3 e4 18. fxe4 Bg4 19. Rde1 Rxb2+ 20. Kxb2 Rb8+ 21. Kc1 Qa3+ 22. Kd2 d4 23. Rb1 Rxb1 24. Rxb1 Qc3+ 25. Kc1 1/2-1/2